Návrh opatrení na zlepšenie využívania nástrojov marketingu v Chemolak, a.s.

Salvato in:
Dettagli Bibliografici
Autore principale: Madarová, Iveta (Autore)
Altri autori: Dóza, Peter (Relatore della tesi)
Natura: Manoscritto Libro
Lingua:slovacco
Pubblicazione: 2016
Soggetti:
Accesso online:http://is.stuba.sk/zp/portal_zp.pl?podrobnosti=106255
Tags: Aggiungi Tag
Nessun Tag, puoi essere il primo ad aggiungerne!!

MARC

LEADER 00000ntm a22000003a 4500
001 stuzp56224
003 SK-STU
005 20160719154934.2
007 ta
008 150427s2015----xo-----f-mn---000-0-slo-d
040 |a STU  |b slo 
041 0 |a slo 
100 1 |a Madarová, Iveta  |u 064000  |4 aut  |U MTF Materiálovotechnologická fakulta  |T MTF Ústav priemyselného inžinierstva a manažmentu  |X 71950  |U M4000  |Y 84  |7 71950 
242 0 1 |a Proposed measures for improving the use of marketing tools in Chemolak, Inc.  |y eng 
245 1 0 |a Návrh opatrení na zlepšenie využívania nástrojov marketingu v Chemolak, a.s. 
260 |c 2016 
650 4 |a podpora predaja  |2 slo 
650 4 |a ochranná lazúza  |2 slo 
650 4 |a distribúcia  |2 slo 
650 4 |a marketingový mix  |2 slo 
650 4 |a marketing mix  |2 eng 
650 4 |a sales promotion  |2 eng 
650 4 |a protective varnish  |2 eng 
650 4 |a distribution  |2 eng 
700 1 |a Dóza, Peter  |u 064000  |k Z3  |4 ths  |U MTF Materiálovotechnologická fakulta  |T MTF Ústav priemyselného inžinierstva a manažmentu  |X 66258  |U M4000  |Y 84  |7 A000066258 
856 4 |u http://is.stuba.sk/zp/portal_zp.pl?podrobnosti=106255 
996 |c M* BP-7862  |l MMSKP  |s P  |a 0  |w stuzp56224_0001 
SQL |a stuzp56224  |b DBP  |c SLO  |d Návrh opatrení na zlepšenie využívania nástrojov marketingu v Chemolak, a.s.  |e 71950  |f Madarová, Iveta  |g 064000  |h 66258  |i Dóza, Peter  |j 20160620  |k 175  |l 06  |m http://is.stuba.sk/zp/portal_zp.pl?podrobnosti=106255  |n B-PMA  |o 5.2.52. priemyselné inžinierstvo